| 000 | 01311nam a22002657i 4500 | ||
|---|---|---|---|
| 999 |
_c22904 _d22904 |
||
| 003 | AR-CdUCM | ||
| 008 | 240521b20222022 pe||||| |||| 00| 0 spa d | ||
| 020 | _a978-612-49070-5-0 | ||
| 040 |
_aMUNICIPALIDAD PROVINCIAL DEL CUSCO _cBIBLIOTECA MUNICIPAL DEL CUSCO |
||
| 082 |
_a985.04 / U85 _bU85 |
||
| 100 |
_aUrrutia, Jaime. _949873 |
||
| 245 | _aLos Caminos de la libertad / | ||
| 260 |
_aLima : _bMinisterio de Cultura del Perú, _bProyecto Especial Bicentenario de la Independencia del Perú, _c2022 |
||
| 300 |
_a154 páginas. : _c20 cm |
||
| 500 | _zBibliografía: páginas 147 - 151 | ||
| 505 | _aLa guerra en Charcas 1810 - 1814 -- 1814 Revolución de los Angulo -- Arenales, primer viaje a la sierra -- La batalla de Pasco -- Expedición de Guillermo Miller al sur -- San Martin y la independencia de 1821 -- Fracasos republicanos: las Campañas de intermedios -- Montoneras y partidas de guerrillas -- La campaña de Ayacucho | ||
| 650 |
_aLa guerra en Charcas 1810 - 1814 _949874 |
||
| 650 |
_a1814 Revolución de los Angulo _949875 |
||
| 650 |
_a Arenales, primer viaje a la sierra _949876 |
||
| 650 |
_aLa batalla de Pasco _949877 |
||
| 650 |
_aMontoneras y partidas de guerrillas _949878 |
||
| 856 | _fwww.bicentenario.gob.pe/biblioteca | ||
| 942 |
_2ddc _cLIBROS |
||
| 945 |
_apbj _d2024-05-21 |
||